Statistics for City in the Lyrics

Click here to take the quiz!

General Stats

  • This quiz has been taken 324 times
  • The average score is 7 of 15

Answer Stats

Lyrics City Name % Correct
Now you're in ___ ____ / These streets will make you fell brand new / Big lights will inspire youNew York
88%
Viva ___ _____ / Viva ___ _____ / Viva, viva ___ _____Las Vegas
72%
Just a city boy / Born and raised in South _______ / He took the midnight train / Goin' anywhereDetroit
71%
If you're going to ___ _________ / Be sure to wear some flowers in your hairSan Francisco
68%
Aaaahoooo, werewolves of ______ / AaaahooooLondon
64%
I'm so fancy / You already know / I'm in the fast lane / From LA to _____Tokyo
59%
In west ____________ born and raised / On the playground was where I spent most of my daysPhiladelphia
55%
You put it down like New York City / I never sleep! / Wild like Los Angeles / My fantasy! / Hotter than _____ / I feel the heat! / Ohh, girl, it's international loveMiami
49%
He met Marmalade down in Old ___ _______ / Struttin' her stuff on the streetNew Orleans
44%
I went from Phoenix, Arizona / All the way to Tacoma / Philadelphia, _______, LAAtlanta
39%
Jojo was a man who thought he was a loner / But he knew it wouldn't last /Jojo left his home in ______, Arizona / For some California grassTucson
37%
Early morning, April 4 / Shot rings out in the _______ sky / Free at last, they took your life / They could not take your prideMemphis
30%
From the Halls of Montezuma / To the shores of _______ / We fight our country's battles /In the air, on land, and seaTripoli
28%
Hello _______, I am a mountaineer / In the hills and highlands / I fall asleep in hospital parking lots / And awake in your mouthSeattle
17%
She said oh no / ___________ won't do / Well I did not think the girl / Could be so cruelGuadalajara
5%

Score Distribution

Percentile by Number Answered

Percent of People with Each Score

Your Score History

You have not taken this quiz